Probability and statistical inference / (Record no. 70276)
[ view plain ]
| 000 -LEADER | |
|---|---|
| fixed length control field | 00862nam a2200277 a 4500 |
| 001 - CONTROL NUMBER | |
| control field | 70276 |
| 003 - CONTROL NUMBER IDENTIFIER | |
| rucl marc code | BD-RjUL |
| 005 - DATE AND TIME OF LATEST TRANSACTION | |
| control field | 20211209082000.0 |
| 008 - FIXED-LENGTH DATA ELEMENTS--GENERAL INFORMATION | |
| fixed length control field | 170416s2009 ii a b 001 0 eng d |
| 020 ## - INTERNATIONAL STANDARD BOOK NUMBER | |
| International Standard Book Number | 9788177585537 |
| 035 ## - SYSTEM CONTROL NUMBER | |
| System control number | (BD-RjUL)70490 |
| 040 ## - CATALOGING SOURCE | |
| Original cataloging agency | DLC |
| Transcribing agency | DLC |
| Modifying agency | BD-RjUL |
| Language of cataloging | eng |
| 041 ## - LANGUAGE CODE | |
| Language code of text/sound track or separate title | eng |
| 082 00 - DEWEY DECIMAL CLASSIFICATION NUMBER | |
| Classification number | 519.2 |
| Edition number | 23 |
| Author mark and year | HOP 2009 |
| 100 1# - MAIN ENTRY--PERSONAL NAME | |
| Personal name | Hogg, Robert V. |
| 9 (RLIN) | 208120 |
| 245 10 - TITLE STATEMENT | |
| Title | Probability and statistical inference / |
| Statement of responsibility, etc. | Robert V. Hogg, Elliot A. Tanis, Jagan Mohan Rao |
| 250 ## - EDITION STATEMENT | |
| Edition statement | 7th ed. |
| 260 ## - PUBLICATION, DISTRIBUTION, ETC. (IMPRINT) | |
| Place of publication, distribution, etc. | New Delhi : |
| Name of publisher, distributor, etc. | Pearson Eduction, |
| Date of publication, distribution, etc. | 2009. |
| 300 ## - PHYSICAL DESCRIPTION | |
| Pagination | xix, 729 p. : |
| Illustrations | ill. ; |
| Size | 25 cm. + |
| 504 ## - BIBLIOGRAPHY, ETC. NOTE | |
| Bibliography, etc | Includes bibliographical references and index. |
| 650 #0 - SUBJECT ADDED ENTRY--TOPICAL TERM | |
| Topical term or geographic name as entry element | Probabilities. |
| 9 (RLIN) | 208121 |
| Topical term or geographic name as entry element | Mathematical statistics. |
| 9 (RLIN) | 208122 |
| 700 1# - ADDED ENTRY--PERSONAL NAME | |
| Personal name | Tanis, Elliot A. |
| Personal name | Rao, Jagan Mohan |
| 942 ## - ADDED ENTRY ELEMENTS (KOHA) | |
| Source of classification or shelving scheme | Dewey Decimal Classification |
| Koha item type | Books |
| Lost status | Source of classification or shelving scheme | Damaged status | Not for loan | Collection code | Permanent Location | Current Location | Shelving location | Date acquired | Source of acquisition | Cost, normal purchase price | Total Checkouts | Full call number | Date last seen | Copy number | Koha item type |
|---|---|---|---|---|---|---|---|---|---|---|---|---|---|---|---|
| Dewey Decimal Classification | Not For Loan | Non-fiction | Central Library, University of Rajshahi | Central Library, University of Rajshahi | Reading Room | 24/03/2011 | Dhaka, Paragon Enterprises ltd. | 510.00 | 519.2 HOP 2009 | 17/04/2017 | C-1 | Books |